000 00512nas a2200193 i 4500
001 C2-0323097
003 PPAK
005 20180729123411.0
008 131002s my |||| ||||| | eng d
022 _a2232-027X
040 _aPPAK
_beng
_cPPAK
_erda
245 0 4 _aThe Globalist
264 1 _aPutrajaya :
_bPenerbitan Terang Sdn Bhd ,
336 _2rdacontent
_atext
337 _2rdamedia
_aunmediated
338 _2rdacarrier
_avolume
650 1 0 _aInternational Relations - Periodicals
942 _ddc
_cSR
999 _c149796
_d149796